<?xml version="1.0" encoding="UTF-8"?>
<record
    xmlns:xsi="http://www.w3.org/2001/XMLSchema-instance"
    xsi:schemaLocation="http://www.loc.gov/MARC21/slim http://www.loc.gov/standards/marcxml/schema/MARC21slim.xsd"
    xmlns="http://www.loc.gov/MARC21/slim">

  <leader>01951nab a2200265 i 4500</leader>
  <controlfield tag="003">BR-BrBNA</controlfield>
  <controlfield tag="005">20250422142856.0</controlfield>
  <controlfield tag="008">250422b2017    bl.qr|pooa||| 00| 0 por |</controlfield>
  <datafield tag="040" ind1=" " ind2=" ">
    <subfield code="a">BR-BrBNA</subfield>
    <subfield code="b">por</subfield>
  </datafield>
  <datafield tag="072" ind1=" " ind2=" ">
    <subfield code="a">F70</subfield>
  </datafield>
  <datafield tag="072" ind1=" " ind2=" ">
    <subfield code="a">F50</subfield>
  </datafield>
  <datafield tag="100" ind1=" " ind2=" ">
    <subfield code="a">Canalli, Yasmin de Mello </subfield>
  </datafield>
  <datafield tag="100" ind1=" " ind2=" ">
    <subfield code="a">Bove, Claudia Petean </subfield>
  </datafield>
  <datafield tag="245" ind1=" " ind2=" ">
    <subfield code="a">Flora do Rio de Janeiro: Typhaceae</subfield>
  </datafield>
  <datafield tag="500" ind1=" " ind2=" ">
    <subfield code="a">Publica&#xE7;&#xE3;o on-line; 10 ref.; Summaries (En, Pt)</subfield>
  </datafield>
  <datafield tag="520" ind1=" " ind2=" ">
    <subfield code="a">

Resumo

O presente estudo tem como objetivo contribuir para o conhecimento das esp&#xE9;cies da fam&#xED;lia Typhaceae
Juss. ocorrentes no estado do Rio de Janeiro. O trabalho tem por base a an&#xE1;lise morfol&#xF3;gica de materiais
depositados em herb&#xE1;rios e coletas de campo, al&#xE9;m da compila&#xE7;&#xE3;o de dados de literatura. Foi registrada uma
esp&#xE9;cie: Typha domingensis. Descri&#xE7;&#xF5;es, ilustra&#xE7;&#xF5;es, dados sobre h&#xE1;bitat e distribui&#xE7;&#xE3;o geogr&#xE1;fica da esp&#xE9;cie
s&#xE3;o apresentados.

Palavras-chave: Sudeste do Brasil, taxonomia, planta aqu&#xE1;tica, taboa.




Abstract

This study aims to contribute to the knowledge of Typhaceae Juss. family species occurring in the state of Rio
de Janeiro. The work is based on the morphological analysis of materials deposited in herbarium collections
and field, besides the literature data collection. One was recorded species: Typha domingensis. Descriptions,
illustrations, data on habitat and geographical distribution of the species are presented.

Key words: Brazil's Southeast, taxonomy, aquatic plant, cattail.</subfield>
  </datafield>
  <datafield tag="650" ind1=" " ind2=" ">
    <subfield code="a">SUDESTE</subfield>
  </datafield>
  <datafield tag="650" ind1=" " ind2=" ">
    <subfield code="a">TAXONOMIA</subfield>
  </datafield>
  <datafield tag="650" ind1=" " ind2=" ">
    <subfield code="a">PLANTA AQU&#xC1;TICA</subfield>
  </datafield>
  <datafield tag="650" ind1=" " ind2=" ">
    <subfield code="a">TABOA</subfield>
  </datafield>
  <datafield tag="773" ind1="0" ind2=" ">
    <subfield code="0">709</subfield>
    <subfield code="9">349992</subfield>
    <subfield code="d">Rio de Janeiro-RJ Jardim Botanico do Rio de Janeiro 1935</subfield>
    <subfield code="o">2025-2514</subfield>
    <subfield code="t">Rodrigu&#xE9;sia (Brazil)</subfield>
    <subfield code="x">0370-6583; 2175-7860 on-line</subfield>
    <subfield code="g">v. 68(1) p. 111-113; (2017)</subfield>
    <subfield code="w">BR2025000737</subfield>
  </datafield>
  <datafield tag="856" ind1=" " ind2=" ">
    <subfield code="u">https://www.scielo.br/j/rod/a/GWDfrfzNJWFWMKj76JqDH6J/?format=pdf&amp;lang=pt</subfield>
  </datafield>
  <datafield tag="942" ind1=" " ind2=" ">
    <subfield code="c">ANA</subfield>
  </datafield>
  <datafield tag="999" ind1=" " ind2=" ">
    <subfield code="c">331139</subfield>
    <subfield code="d">331139</subfield>
  </datafield>
</record>
